000 00262nam a22001217a 4500
008 170406b xxu||||| |||| 00| 0 eng d
041 _aeng
080 _29TH
_a616.15
100 _a9
101 _aSHM
245 _aCLINICAL HEMATOLOGY
_cLEE, G.R
942 _2udc
_cBK
999 _c9926
_d9926